000 00738nam a2200253Ia 4500
003 OSt
005 20220926023033.0
006 a|||||r|||| 00| 0
007 ta
008 220923b |||||||| |||| 00| 0 eng d
037 _cGeneral Book
040 _aRTL
_cRTL
_beng
041 _2eng
_aeng
082 _aY7:4, L2
100 _aLevine Robert A
_9328583
245 0 _aEthnocentrism
_b Theories of conflict, ethnic attitu
260 _aNew York
_bWiley
_c1972
300 _aix, 310p
_ccm.
500 _aBibliography: P 224-43; Appendixes: P 245-46
650 _aRace
700 _a Campbell Donald T
_920722
942 _hY7:4, L2
_cGB
_2CC
999 _c640791
_d640791